Derecho del Trabajo y Derecho de la Seguridad Social Volumen I

Bibliographic Details
Format: eBook
Language:Spanish
Published: Barquisimeto (Venezuela): Fundacion Universitas, 2011
Subjects:
Online Access:Acceso restringido

MARC

LEADER 00000nam a22000007a 4500
005 20131009175134.0
007 cr|||| |||
008 131009s2011 ve |||||s|||| 00||0 spa d
020 |a 978-980-7237-03-1 
035 |a 11513 
040 |a vLex 
090 |c 4534  |d 4534 
245 0 0 |a Derecho del Trabajo y Derecho de la Seguridad Social  |h [Recurso electrn̤ico]  |n Volumen I 
256 |a Servicio en ln̕ea 
260 |a Barquisimeto (Venezuela):  |b Fundacion Universitas,  |c 2011 
300 |a 1 recurso electrn̤ico 
506 1 |a Contenido solo disponible en los productos indicados  |d vLex Global  |d vLex Global (Academic Edition, excluding Law Schools)  |d vLex Global (U.S. Academic Edition, Law Schools)  |d vLex Global (U.S. Academic Edition, excluding Law Schools)  |d vLex Global (Academic Edition, Law Schools) 
650 0 4 |a Derecho laboral  |z Venezuela 
650 0 4 |a Seguridad Social  |z Venezuela 
740 0 |a vLex Libros (Servicio en ln̕ea) 
856 4 0 |u http://vlex.com/source/derecho-trabajo-y-derecho-seguridad-social-11513  |z Acceso restringido 
942 |c BOOK 
999 0 |a Labor laws and legislation 
999 0 |a Social security